000 00210nam a2200085Ia 4500
008 170620s9999 xx 000 0 und d
100 _aFitzgerald- P.J.
245 0 _aSalmond on Jurisprudence
260 _bUniversal Law Pub.
260 _c2002
999 _c28583
_d28583